书目信息 |
| 题名: |
大学文科数学
|
|
| 作者: | 张国楚 , 徐本顺 , 王立冬 主编 | |
| 分册: | ||
| 出版信息: | 北京 高等教育出版社 2007.03 |
|
| 页数: | 257页 | |
| 开本: | 23cm | |
| 丛书名: | ||
| 单 册: | ||
| 中图分类: | O13 | |
| 科图分类: | ||
| 主题词: | 高等数学--gao deng shu xue--高等教育--教材 | |
| 电子资源: | ||
| ISBN: | 978-7-04-020460-5 | |
| 000 | 01118nam0 2200313 450 | |
| 001 | 012008681662 | |
| 005 | 20080229161859.78 | |
| 010 | @a978-7-04-020460-5@dCNY18.90 | |
| 100 | @a20080229d2007 em y0chiy0120 ea | |
| 101 | 0 | @achi |
| 102 | @aCN@b110000 | |
| 105 | @aa a 000yy | |
| 106 | @ar | |
| 200 | 1 | @a大学文科数学@Ada xue wen ke shu xue@f张国楚 ... [等] 主编@Fzhang guo chu...[deng]zhu bian |
| 205 | @a第2版 | |
| 210 | @a北京@c高等教育出版社@d2007.03 | |
| 215 | @a257页@c图@d23cm | |
| 300 | @a普通高等教育“十一五”国家级规划教材 | |
| 304 | @a题名页题: 张国楚, 徐本顺, 王立冬, 李祎主编 | |
| 320 | @a有书目 | |
| 330 | @a全书内容分两部分,其中必修内容包括实数、函数、极限、导数、不定积分、定积分、概率统计初步;选修内容包括线性代数、微分方程、二元微积分。 | |
| 510 | 1 | @aCollege mathematics for liberal arts students@zeng |
| 606 | 0 | @a高等数学@Agao deng shu xue@x高等教育@j教材 |
| 690 | @aO13@v4 | |
| 701 | 0 | @a张国楚@Azhang guo chu@4主编 |
| 701 | 0 | @a徐本顺@Axu ben shun@4主编 |
| 701 | 0 | @a王立冬@Awang li dong@4主编 |
| 801 | 0 | @aCN@bQSSK@c20080229 |
| 905 | @b282010-12@dO13@eZ100@f3 | |
| 大学文科数学/张国楚 ... [等] 主编.-第2版.-北京:高等教育出版社,2007.03 |
| 257页:图;23cm |
| 普通高等教育“十一五”国家级规划教材 |
| ISBN 978-7-04-020460-5:CNY18.90 |
| 全书内容分两部分,其中必修内容包括实数、函数、极限、导数、不定积分、定积分、概率统计初步;选修内容包括线性代数、微分方程、二元微积分。 |
| ● |
| 相关链接 |
|
|
|
正题名:大学文科数学
索取号:O13/Z100
 
预约/预借
| 序号 | 登录号 | 条形码 | 馆藏地/架位号 | 状态 | 备注 |
| 1 | 282010 | 202820108 | 自科库401/401自科库 107排9列2层/ [索取号:O13/Z100] | 在馆 | |
| 2 | 282011 | 202820117 | 自科库401/401自科库 107排9列2层/ [索取号:O13/Z100] | 在馆 | |
| 3 | 282012 | 202820126 | 自科库401/401自科库 107排9列2层/ [索取号:O13/Z100] | 在馆 |